000 00518nam a2200181Ia 4500
005 20250326145010.0
008 250326s9999 xx 000 0 und d
037 _aTextbook
040 _aFMSL
_beng
_cFMSL
041 _aeng
_2eng
084 _aX9D M6
_qFMSL
100 _aYadav Ram Avtar
245 0 _aFicial ratios and the prediction of corporate failure
_cYadav Ram Avtar
260 _aNew Delhi
_bNew Delhi, Concept
_c1986
300 _axvi,196
942 _cTB
_hX9D M6
999 _c1305978
_d1305978